Datum a čas kvízu
35
Celkem bodů
Celkový počet nahraných bodů na tomto kvízu bez doplňovacích otázek.
4.
Pořadí na kvízu
Konečné umístění týmu na tomto kvízu.
Zaznamenané odpovědi
| # | Otázka | Odpověď | Body | Výsledky |
|---|---|---|---|---|
| 1. | Už Vám někdy hořela koudel u z... | Šumperk | 0 | |
| 2. | Fastfoodový řetězec Burger Kin... | je bez pravého masa | 1 | |
| 3. | Jak se jmenuje naše významná k... | Milan Kundera | 1 | |
| 4. | Minulý týden bylo oznámeno, že... | Prima a CNN | 0.5 | |
| 5. | Apríl, nebo nechtěný omyl? Fot... | Místo Slavie zval na souboj se Spartou. | 1 | |
| 6. | V tomto tématu ověříme vaše zn... | pouze jelení zvěř | 1 | |
| 7. | Vyberte jedno psí plemeno, kte... | A | 0 | |
| 8. | Jelen bílý je zvláštní barevno... | Žleby, Žehušice, Kopidlno a Janovice | 0 | |
| 9. | Kolikaterák je tento jelen? | desaterák (nerovný) | 0 | |
| 10. | Co v myslivecké mluvě znamená... | kančí kly | 0 |